| 000 | 00745nam a2200193Ii 4500 | ||
|---|---|---|---|
| 003 | JO-AjNU | ||
| 008 | 230605s9999||||xx |||||||||||||| ||und|| | ||
| 040 |
_aJO-AjNU _bara _erda _cJO-AjNU |
||
| 041 | _aara | ||
| 050 | 1 | 4 | _aHQ21 |
| 100 | 3 |
_aقاسمي، احمد محمد, _eauthor _947190 |
|
| 245 | 0 | 0 | _aعملية تحويل الجنس بين الشريعة والطب والقانون |
| 264 | 3 | 1 | _aالمغرب: مؤسسة ابن خلدون |
| 300 |
_a128ص _bيحتوي على ببلوغرافية من 125-128ص |
||
| 336 |
_atext _btxt _2rdacontent |
||
| 337 |
_aunmediated _bn _2rdamedia |
||
| 338 |
_avolume _bnc _2rdacarrier |
||
| 650 | 4 |
_aالجنس - جوانب اجتماعية - الشريعة - الطب - القانون _947191 |
|
| 999 |
_aA20583 _c24151 _d24151 |
||